Comme dans un tombeau ...: lettres et journaux de prisonniers; la Belle Epoque à Fresnes

Gespeichert in:  
Bibliographische Detailangaben
VerfasserInnen: Carlier, Christian 1947- (Verfasst von) ; Wasserman, Françoise (Verfasst von)
Medienart: Druck Buch
Sprache:Französisch
Veröffentlicht: Fresnes Écomusée de Fresnes 1992
In:Jahr: 1992
Bestand in Tübingen:In Tübingen vorhanden.
UB: KB 19 A 479
Verfügbarkeit prüfen: HBZ Gateway
Subito Bestelldienst: Jetzt bestellen.

MARC

LEADER 00000cam a2200000 c 4500
001 1614464707
003 DE-627
005 20260206203545.0
007 tu
008 930617s1992 xx ||||| 00| ||fre c
020 |a 2903379262  |9 2-903379-26-2 
035 |a (DE-627)1614464707 
035 |a (DE-603)025135643 
035 |a (DE-576)033776431 
035 |a (DE-599)BSZ033776431 
035 |a (OCoLC)28067566 
040 |a DE-627  |b ger  |c DE-627  |e rakwb 
041 |a fre 
082 0 |a 365 
100 1 |8 1\p  |a Carlier, Christian  |d 1947-  |0 (DE-588)18837339X  |0 (DE-627)699302706  |0 (DE-576)135245648  |4 aut 
109 |a Carlier, Christian 1947-  |a Carlier, C. 1947- 
245 1 0 |a Comme dans un tombeau ...  |b lettres et journaux de prisonniers; la Belle Epoque à Fresnes  |c Christian Carlier; Françoise Wasserman 
264 1 |a Fresnes  |b Écomusée de Fresnes  |c 1992 
300 |a 203 S. 
336 |a Text  |b txt  |2 rdacontent 
337 |a ohne Hilfsmittel zu benutzen  |b n  |2 rdamedia 
338 |a Band  |b nc  |2 rdacarrier 
490 0 |a Collection "Histoire et témoignages" 
505 8 |a Literaturverz. S. 197 - 201 
583 1 |a Archivierung prüfen  |c 20200919  |f DE-640  |z 1  |2 pdager 
583 1 |a Archivierung/Langzeitarchivierung gewährleistet  |f SLG  |z Frankreichforschung  |2 pdager  |5 DE-77 
700 1 |a Wasserman, Françoise  |4 aut 
883 |8 1\p  |a cgwrk  |d 20250301  |q DE-101  |u https://d-nb.info/provenance/plan#cgwrk 
935 |a MZFRA 
935 |h HEB  |i 0501 
935 |h HEB  |i 0503 
936 s n |a m200  |2 mzub 
951 |a BO 
ELC |b 1 
LOK |0 000 xxxxxcx a22 zn 4500 
LOK |0 001 3183774534 
LOK |0 003 DE-627 
LOK |0 004 1614464707 
LOK |0 005 20151007134004 
LOK |0 008 930617||||||||||||||||ger||||||| 
LOK |0 040   |a DE-21  |c DE-627  |d DE-21 
LOK |0 852   |a DE-21 
LOK |0 852 1  |c KB 19 A 479  |9 00 
LOK |0 935   |a krim 
LOK |0 939   |a 17-06-93  |b l01 
ORI |a SA-MARC-krimdoka001.raw 
SIG |a UB: KB 19 A 479